Āpa bītī : (Record no. 70654)

MARC details
000 -LEADER
fixed length control field 00664cam a22002054a 4500
001 - CONTROL NUMBER
control field sa 66006688
003 - CONTROL NUMBER IDENTIFIER
control field DLC
005 - DATE AND TIME OF LATEST TRANSACTION
control field 20260227112258.0
008 - FIXED-LENGTH DATA ELEMENTS--GENERAL INFORMATION
fixed length control field 890912s1966 ii a 000 0 hino
010 ## - LIBRARY OF CONGRESS CONTROL NUMBER
LC control number sa 66006688
035 ## - SYSTEM CONTROL NUMBER
System control number (OCoLC)20331381
040 ## - CATALOGING SOURCE
Original cataloging agency DLC
Transcribing agency DLC
050 00 - LIBRARY OF CONGRESS CALL NUMBER
Classification number PK2098.32.R313
Item number A73 1966
100 1# - MAIN ENTRY--PERSONAL NAME
Personal name Prabhākara, Manohara,
Dates associated with a name 1932-
245 10 - TITLE STATEMENT
Title Āpa bītī :
Remainder of title raṅga aura vyaṅga se bharapūra caudaha cuṭīle lekhoṃ kā saṅkalana /
Statement of responsibility, etc. lekhaka, Manohara Prabhākara.
260 ## - PUBLICATION, DISTRIBUTION, ETC.
Place of publication, distribution, etc. Jayapura :
Name of publisher, distributor, etc. Kalyāṇamala eṇḍa Sansa,
Date of publication, distribution, etc. 1966.
300 ## - PHYSICAL DESCRIPTION
Extent 85 p. :
Other physical details ill. ;
Dimensions 19 cm.
546 ## - LANGUAGE NOTE
Language note In Hindi.
650 #0 - SUBJECT ADDED ENTRY--TOPICAL TERM
Topical term or geographic name entry element Hindi wit and humor.

No items available.

Powered by Koha